Australia - what is it? /

Saved in:
Bibliographic Details
Main Author: Williams, Henry, 1923-
Other Authors: Rigby, Paul, 1924- (illus.)
Format: Book
Language:English
Published: Adelaide : Rigby, 1971.
Subjects:
LEADER 01231nam a2200337 a 4500
001 c000321324
003 CARM
005 20020617151559.0
008 720713s1971 xraa 000 0 eng d
010 |a 74141715 
019 1 |a 470617  |z 23876362  |5 LACONCORD2021 
020 |a 0851792812 :  |c $2.95 Aust. 
020 |a 0851792812 
035 |a (OCoLC)410357  |5 LACONCORD2021 
040 |a ANB  |b eng  |c ANB  |d VERC 
043 |a u-at--- 
050 4 |a DU96  |b .W54 1971 
082 0 4 |a 309.1/94 
082 1 4 |a 306.0994  |2 19 
100 1 |a Williams, Henry,  |d 1923- 
245 1 0 |a Australia - what is it? /  |c Henry Williams ; illustrated by Paul Rigby. 
260 |a Adelaide :  |b Rigby,  |c 1971. 
300 |a 114 p. :  |b ill. ;  |c 22 cm. 
500 |a Australia. Social conditions (ANB/PRECIS SIN 600111237) 
650 0 |a National characteristics, Australian. 
610 1 0 |a Australia  |x Social life and customs  |y 20th century. 
651 0 |a Australia  |x Social conditions. 
700 1 |a Rigby, Paul,  |d 1924-,  |e illus. 
852 8 |b CARM  |h A1:AN18F0  |i B08709  |p 0415300  |f BK 
999 f f |i 416d8528-5324-5a76-b392-9a84603e5659  |s 27b11d04-4f90-5397-93ca-c7d5125802f4 
952 f f |p Can circulate  |a CAVAL  |b CAVAL  |c CAVAL  |d CARM 1 Store  |e B08709  |f A1:AN18F0  |h Other scheme  |i book  |m 0415300